Antiquing New York : the guide to the antique dealers of New York City, Westchester, Long Island, and Upstate New York (Record no. 371329)

MARC details
000 -LEADER
fixed length control field 00789nam a2200229Ia 4500
008 - FIXED-LENGTH DATA ELEMENTS--GENERAL INFORMATION
fixed length control field 191130s2005##################000#0#eng##
020 ## - INTERNATIONAL STANDARD BOOK NUMBER
ISBN 9780231132190
082 ## - DEWEY DECIMAL CLASSIFICATION NUMBER
Classification number 381.457451025747 MIC
100 ## - MAIN ENTRY--AUTHOR NAME
Personal name Michel, John L
245 ## - TITLE STATEMENT
Title Antiquing New York : the guide to the antique dealers of New York City, Westchester, Long Island, and Upstate New York
Statement of responsibility, etc John L. Michel and Barbara N. Michel
250 ## - EDITION STATEMENT
Edition statement 2nd ed
260 ## - PUBLICATION, DISTRIBUTION, ETC. (IMPRINT)
Place of publication New York
Name of publisher Columbia University Press
Year of publication 2005
300 ## - PHYSICAL DESCRIPTION
Number of Pages xiii, 169 p. : ill., maps ; 19 cm
500 ## - GENERAL NOTE
General note Includes index
650 ## - SUBJECT ADDED ENTRY--TOPICAL TERM
Topical Term Antique dealers - New York (State) - Directories
700 ## - ADDED ENTRY--PERSONAL NAME
Personal name Michel, Barbara N
991 ## -
-- 314693
Holdings
Withdrawn status Lost status Damaged status Not for loan Home library Current library Date acquired Full call number Accession Number Price effective from Koha item type
        Anna Centenary Library Anna Centenary Library 17.10.2020 381.457451025747 MIC 164683 17.10.2020 English Books

Find us on the map